| 000 | 00439nam a2200181Ia 4500 | ||
|---|---|---|---|
| 008 | 220531s9999 xx 000 0 und d | ||
| 041 | _aeng | ||
| 082 |
_a658.4013 _bALA |
||
| 100 |
_aAlasdair, W. _943459 |
||
| 245 | _aContinuous Quality Improvement | ||
| 250 | _a1ST | ||
| 260 |
_alondon _bPiatkus _c1996 |
||
| 300 | _a205 | ||
| 542 | _d11-08-2001 | ||
| 650 |
_aMarketing _943460 |
||
| 906 | _d2001-2002 | ||
| 999 |
_c25823 _d25823 |
||